Die deutsche novelle von Goethe bis kafka Interpretationem I
Gespeichert in:
| 1. Verfasser: | |
|---|---|
| Format: | Buch |
| Sprache: | Undetermined |
| Veröffentlicht: |
Düsseldorf, Alemania
August Bagel
1956
|
| Schlagworte: | |
| Tags: |
Tag hinzufügen
Keine Tags, Fügen Sie den ersten Tag hinzu!
|
MARC
| LEADER | 00000nam a2200000Ia 4500 | ||
|---|---|---|---|
| 008 | 170316s9999 xx 000 0 und d | ||
| 040 | |a cru BVZT | ||
| 090 | |a 830 W-5di v.1 | ||
| 100 | |a Wiese, Benno Von | ||
| 245 | |a Die deutsche novelle von Goethe bis kafka Interpretationem I | ||
| 260 | |a Düsseldorf, Alemania | ||
| 260 | |b August Bagel | ||
| 260 | |c 1956 | ||
| 300 | |a 352 páginas | ||
| 650 | |a LITERATURA ALEMANA | ||
| 999 | |c 7459 |d 7459 | ||
| 942 | |c 15 D |h 830 W-5di v.1 |2 z | ||
